000 00680nam a2200289Ia 4500
005 20260324143913.0
008 008 260324s9999 xx 000 0 eng d
020 _a9780429312892
037 _aEBOOK
040 _aCRL
040 _beng
040 _cCRL
041 _2eng
041 _aeng
084 _qCRL
100 _aJoseph G. Whelan
_91217360
245 4 _aThe Moscow Summit, 1988
245 0 _bReagan And Gorbachev In Negotiation
260 _bTaylor and Francis
260 _c1990
365 _a
365 _b230
856 _uhttp://www.taylorfrancis.com/books/9780429312892
942 _cEBOOK
999 _c1823307
_d1823307